00988cam a22003017a 4500003000500000005001700005008004100022010001000063011001000073035001000083040000900093090001700102100002900119245004000148260003800188300000900226590004100235590004100276590004100317590004200358650003600400700003000436901000700466942000900473949005300482999001700535952013400552CHAP20220329141806.0971013s1970 ec r 00010 spa d a73871 a74843 a84402 cCHAP aFolleto 384000aCardozo, Armando.91893310aBibliografía forestal ecuatoriana aQuito :bIICA. Zona Andina,c1970 a7 h. aBATCH-UPDb10c20130110lUCH01h0748 aBATCH-UPDb10c20130410lUCH01h0429 aBATCH-UPDb10c20130914lUCH01h0719 aCONVERSIONb10c20130109lUCH01h134014aBosquesxBibliografía.9140950 aRosero G., Pablo.9100148 aBK cFOLL aFolleto 3840bBCcFOLLd-39729eTS1i84402mDsi c73871d73871 00102local4051708FOLLaBCbBCcPA_FOLLETOSd2012-12-17fFOLLl0oFolleto 3840p-39729r2019-12-31 00:00:00w2012-12-17yFOLL